00333nam a2200133Ia 4500008004100000100002100041245004400062250001300106260003000119300001000149650001600159942000700175999001700182190216s9999||||xx |||||||||||||| ||und|| aGupta And Kapoor 0aFundamentals Of Mathematical Statistics a10th Ed. bSulthan Chand&Sonsc2001 a16-80 aMathematics cBK c30886d30886